000 00344nam a22001457a 4500
008 210526b ||||| |||| 00| 0 eng d
020 _a0803605544
041 _aeng
080 _a37
082 _a37
100 _a46
101 _aEDU
245 _aResearch for the Health Professional a Practical Guide
_cDiana M. Bailey
942 _2udc
_cBK
999 _c57614
_d57614